| 000 | 00451cam a22001451 4500 | ||
|---|---|---|---|
| 082 |
_a428 _bcol _cL-29, P-130 |
||
| 100 | 1 |
_aCollins, Vere H. _938908 |
|
| 245 | 1 | 0 |
_aRight word, wrong word; _ba book of synonyms with explanantions. |
| 260 |
_a[London] _bLongmans _c[1956] |
||
| 300 |
_a163 p. _c19 cm. |
||
| 526 |
_a0 _b0 _c0 _d428_000000000000000_COL |
||
| 650 | 0 |
_aEnglish language _xSynonyms and antonyms. _914399 |
|
| 650 | 0 |
_aMCE _9379 |
|
| 942 |
_2ddc _cBK |
||
| 999 |
_c543523 _d543523 |
||